| 000 | 00522cam a22001457a 4500 | ||
|---|---|---|---|
| 008 | 180718b1966 xxu||||| |||| 00| 0 eng d | ||
| 082 | _aB813x5433 In2p | ||
| 100 | _aIndia. Parliamentary Committee on the Demand for Punjabi Suba | ||
| 245 |
_aParliamentary Committee on the Demand for Punjabi Suba: Report _cby Lok Sabha Secretariat |
||
| 260 |
_aNew Delhi _bLok Sabha Secretariat _c1966 |
||
| 300 | _a90p. | ||
| 500 | _aChairman: Hukam Singh | ||
| 700 | _aIndia. Lok Sabha Secretariat | ||
| 700 | _aSingh, Hukam (Chairman) | ||
| 999 |
_c488860 _d488860 |
||